000 00932cab a2200229 4500
001 WB2911-48
008 090401t1993 xxu||||| |||| 00| 0 eng d
035 _a(Sirsi) u72466
041 _aeng
245 _aLandlord and tenant : service charge
260 _c1993
350 _a0
490 _aEstates Gazette Case Summaries
_v1993 EGCS 43 13 March 1993(1)
520 _a"D`Jan v Bond Street Estates plc and another" CA 26 February 1993 The tenant (D) of an industrial estate unit withheld part of the rent, service charge and management charge being dissatisfied with a particular invoice for work. The landlord (B) authorised distraint of goods from D. The county court held in favour of B. CA held in favour of D.
650 _aDISTRAINT
650 _aDISTRESS
650 _aINDUSTRIAL PROPERTY
650 _aLEASES
690 _aLANDLORD AND TENANT-CASE LAW-BUSINESS TENANCIES
942 _n0
948 _c04/03/1997
999 _c45789
_d45789